| 000 | 00543nam a2200181 i 4500 | ||
|---|---|---|---|
| 001 | 46186 | ||
| 003 | ES-MaACL | ||
| 005 | 20230906161336.0 | ||
| 007 | t| | ||
| 008 | 030328s1972 sp ||||1| spa d | ||
| 100 | 1 |
_aComas, Ramón. _939941 |
|
| 245 | 1 | 0 |
_aSecuestro de embajadores / _cRamón Comas ; [traducción de José María Rodríguez Mendez]. |
| 260 |
_aBarcelona : _bLaia, _c1972. |
||
| 300 |
_a205 p. ; _c19 cm. |
||
| 700 | 1 |
_aRodríguez Mendez, José María. _9178383 |
|
| 852 |
_aES-MaACL _jC-50170 _bR.83797 |
||
| 999 |
_c46186 _d46186 |
||